000
00341nam a22001457a 4500
008
240206b ||||| |||| 00| 0 eng d
020
_a
9781455584253
041
_a
eng
080
_2
FIRST EDITION SEPTEMBER 2014
_a
37
082
_a
37MAR
100
_a
23
101
_a
EDUKIM
245
_a
THE SMALL B!G
_c
STEVE J.MARTIN
942
_2
udc
_c
BK
999
_c
60584
_d
60584